STN EN 60695-7-1: 2001, [neplatná] (34 5630) Skúšanie nebezpečenstva požiaru Časť 7 Návod na minimalizáciu toxických nebezpečenstiev spôsobených ohňom postihujúcim elektrotechnické výrobky. Oddiel 1: Všeobecne

Bibliographic Details
Format: Book
Language:Undetermined
PhysicalDescription:12 s.
Published: Bratislava Slovenský ústav technickej normalizácie 2001
Subjects:

MARC

LEADER 00000cam a2200000 a 4500
001 vtls001444238
003 SK-MaSNL
005 20260302080347.0
008 180126s2001 xo 0 und
035 |a SNK000399463 
040 |a SNK  |b slo  |c SNK  |e AACR2 
044 |a xo  |c SK 
046 |a m  |m 200109 (účin. )  |n 200707 
072 7 |a 614.84  |x Požiare. Ochrana pred požiarmi  |2 konspekt 
080 |a 614.84  |2 2011 
130 0 |a STN 34 5630 [neplatná] (STN EN 60695-7-1)  |9 744379 
245 1 |a STN EN 60695-7-1: 2001, [neplatná] (34 5630) Skúšanie nebezpečenstva požiaru  |n Časť 7  |p Návod na minimalizáciu toxických nebezpečenstiev spôsobených ohňom postihujúcim elektrotechnické výrobky. Oddiel 1: Všeobecne 
260 |a Bratislava  |b Slovenský ústav technickej normalizácie  |c 2001 
300 |a 12 s. 
650 0 7 |a požiarna ochrana  |2 SNKPH  |9 1501 
650 0 7 |a Fire protection  |2 SNKPHeng  |9 265684 
852 |a Štátna vedecká knižnica v Banskej Bystrici 
999 |c 1172813  |d 1174743 
952 |t P60, <03>, [BOOK], {603}  |a SNK  |b SNK  |y PREZ  |7 0  |p 17A0363093  |o snkSTN EN 60695-7-1  |i snkN 2381/2002  |0 0  |1 0  |4 0  |d 2002-11-13  |l 0  |r 2005-01-02 00:00:00  |w 2026-02-24 
952 |t P60, <04>, [BOOK], {604}  |a SNK  |b SNK  |y PREZ  |7 0  |p 17A0363094  |o snkSTN EN 60695-7-1 D1  |i snkN 2382/2002  |0 0  |1 0  |4 0  |d 2002-11-13  |l 0  |r 2005-01-02 00:00:00  |w 2026-02-24